Action plan for IELTS / (Record no. 63999)

MARC details
000 -LEADER
fixed length control field 01097nam a22002417a 4500
005 - DATE AND TIME OF LATEST TRANSACTION
control field 20120313111010.0
010 ## - LCCN (DPL NO)
LC control number B-456387
020 ## - INTERNATIONAL STANDARD BOOK NUMBER
International Standard Book Number 9780521699594
Terms of availability 295.00
020 ## - INTERNATIONAL STANDARD BOOK NUMBER
International Standard Book Number 0521699597
Terms of availability 295.00
037 ## - SOURCE OF ACQUISITION
Source of stock number/acquisition Allied Pub./Ven
082 ## - DEWEY DECIMAL CLASSIFICATION NUMBER
Classification number 488.0076
100 ## - MAIN ENTRY--PERSONAL NAME
Personal name Jakeman, Vanessa
245 ## - TITLE STATEMENT
Title Action plan for IELTS /
Statement of responsibility, etc by Vanessa Jakeman [and] Clare McDowell
246 ## - VARYING FORM OF TITLE
Title proper/short title Cambridge books for Cambridge exams
260 ## - PUBLICATION, DISTRIBUTION, ETC. (IMPRINT)
Place of publication, distribution, etc Cambridge
-- New York
Name of publisher, distributor, etc Cambridge University Press,
Date of publication, distribution, etc 2006
300 ## - PHYSICAL DESCRIPTION
Extent 117p.
Other physical details ill.
Dimensions 28 cm. (pbk)
500 ## - GENERAL NOTE
General note General training module.
500 ## - GENERAL NOTE
General note "Last-minute preparation - Practice tests -- Self-study guide."
700 ## - ADDED ENTRY--PERSONAL NAME
Personal name McDowell, Clare.
9 (RLIN) 43750
942 ## - ADDED ENTRY ELEMENTS (KOHA)
Source of classification or shelving scheme Dewey Decimal Classification
Item type English Books
Classification part 488.0076
Call number suffix JAK
Holdings
Withdrawn status Lost status Not for loan Collection code Home library Current library Date acquired Source of acquisition Cost, normal purchase price Full call number Barcode Copy number Cost, replacement price Koha item type
    Not For Loan Non-fiction Central Library Central Library 28/03/2012 Allied Pub/1498/12.12.2011/Spl.P.Order/12.12.2011/03.02.2012 295.00 488.0076 JAK B-456387 1 295.00 English Books

© Delhi Public Library
Hit Counter
free hit counter